| Tag |
First Indicator |
Second Indicator |
Subfields |
| LEADER |
00000pam a22000004a 4500 |
| 001 |
in00001662811 |
| 005 |
20151024121500.0 |
| 008 |
010724s2002 nyua b 001 0 eng |
| 010 |
|
|
|a 2001036834
|
| 020 |
|
|
|a 0312233787
|
| 035 |
|
|
|a (OCoLC)ocm47696809
|
| 040 |
|
|
|a DLC
|c DLC
|d YDX
|d UtOrBLW
|
| 042 |
|
|
|a pcc
|
| 049 |
|
|
|a TXAM
|
| 050 |
|
4 |
|a TX643
|b .T44 2002
|
| 082 |
0 |
0 |
|a 808/.06641
|2 21
|
| 100 |
1 |
|
|a Theophano, Janet.
|
| 245 |
1 |
0 |
|a Eat my words :
|b reading women's lives through the cookbooks they wrote /
|c Janet Theophano.
|
| 264 |
|
1 |
|a New York :
|b Palgrave,
|c 2002.
|
| 300 |
|
|
|a xviii, 362 pages :
|b illustrations ;
|c 22 cm.
|
| 336 |
|
|
|a text
|b txt
|2 rdacontent
|
| 337 |
|
|
|a unmediated
|b n
|2 rdamedia
|
| 338 |
|
|
|a volume
|b nc
|2 rdacarrier
|
| 504 |
|
|
|a Includes bibliographical references (pages [323]-350) and index.
|
| 650 |
|
0 |
|a Food writing
|x History.
|
| 650 |
|
0 |
|a Women food writers
|x History.
|
| 994 |
|
|
|a E0
|b TXA
|
| 948 |
|
|
|a cataloged
|b h
|c 2002/4/28
|d c
|e jlanham
|f 5:18:20 pm
|
| 999 |
|
|
|a MARS
|
| 999 |
f |
f |
|s 33ef4c4c-62e7-3d81-8925-5351f4e756fb
|i df0e3ffa-ea22-3ea1-8bd9-2e106418c387
|t 0
|
| 952 |
f |
f |
|p normal
|a Texas A&M University
|b College Station
|c Sterling C. Evans Library
|d Evans: Library Stacks
|t 0
|e TX643 .T44 2002
|h Library of Congress classification
|i unmediated -- volume
|m A14828924071
|
| 998 |
f |
f |
|a TX643 .T44 2002
|t 0
|l Evans: Library Stacks
|